HAZARDOUS CHEMICALS (Record no. 24834)

MARC details
000 -LEADER
fixed length control field 00349nam a22001577a 4500
003 - CONTROL NUMBER IDENTIFIER
control field SGT
020 ## - INTERNATIONAL STANDARD BOOK NUMBER
International Standard Book Number 9780367202859
082 ## - DEWEY DECIMAL CLASSIFICATION NUMBER
Classification number 363.1751
Item number H20D
100 ## - MAIN ENTRY--PERSONAL NAME
Personal name DIKSHITH, T.S.S
245 ## - TITLE STATEMENT
Title HAZARDOUS CHEMICALS
260 ## - PUBLICATION, DISTRIBUTION, ETC. (IMPRINT)
Place of publication, distribution, etc NEW DELHI
Name of publisher, distributor, etc CRC PRESS
Year of Publication 2020
300 ## - PAGE DESCRIPTION
No. of Pages 638
650 ## - SUBJECT ADDED ENTRY--TOPICAL TERM
Topical term or geographic name as entry element PHARMACY
653 ## - KEYWORDS--INDEX TERM
Keyword term HAZARDOUS, CHEMICALS
942 ## - ADDED ENTRY ELEMENTS (KOHA)
Source of classification or shelving scheme Dewey Decimal Classification
Koha item type Books
Holdings
Withdrawn status Lost status Source of classification or shelving scheme Damaged status Use restrictions Not for loan Collection code Home library Current library Shelving location Date acquired Vendor Name Cost, normal purchase price SGTU Bill Number Full call number Accession No. (Barcode) Date last seen Bill Date Koha item type
    Dewey Decimal Classification   Restricted Access   PHARMACY SGT FA-FP Library SGT FA-FP Library Reference Book 21/08/2023 ABC PVT. 0.60 SGTU 16724 363.1751 H20D FP4639 21/08/2023 16/06/2023 Books